Quizzes
Events
Quiz Creation
Community
Videos
Private Events
Remove Ads
Sign In
Join for FREE
Feedback
Dark Mode
Quiz Categories
Sports
Geography
Music
Movies
Television
Just For Fun
Miscellaneous
History
Literature
Language
Science
Gaming
Entertainment
Religion
Holiday
For Kids
Quiz Lab
Recent
Popular Today
Quiz Kudos Today
Editor Picks
Curator Picks
Quizzes by...
Day
Popularity
Type
Ratings
Length
Year
Community
Subscriptions
Recent Discussions
Orange Saloon
Badges
Playlists
Quests
Create
Leaderboards
Showdown
Live 5
Trivia Bingo
Activity
Puzzle Library
Sporcle Events
Private Events
Virtual Trivia
Globe League
Become a Host
Pub Owners
SporcleCon
Opinionation
Our Games
Videos
Blog
Mobile Apps
Partnerships
Remove Ads and Go Orange
Feedback
Geography
Country
Landmarks
City
State
Population
World
Capital
Continent
Flags
Europe
Africa
Asia
South America
North America
Oceania
Border
Canada
United Kingdom
Topography
United States
Geography
Country
Landmarks
City
State
Population
World
Capital
Continent
Flags
Europe
Africa
Asia
South America
North America
Oceania
Border
Canada
United Kingdom
Topography
United States
Random Quiz
Search Sporcle
×
Quiz Lab
Quiz Lab
Geography
Country
Type in answers that appear in a list
Type in answers that appear in a list
Classic
Best Score? Go Orange.
Countries in Space Stats
Can you name the Countries which have Space Launch Capablity?
By
carlg37
5m
33 Questions
407 Plays
407 Plays
407 Plays
Comments
Comments
Give Quiz Kudos
Give Quiz Kudos
-
- Ratings
hide this ad
Random Order
Randomize order of answers
Randomize order of answers
Replay
Link that replays current quiz
Next Quiz
Link to next quiz in quiz playlist
You Got
0%
They Got
Avg Score
78%
Avg Friend Score
Upgrade to see
Score Distribution
Jump to the score distribution portion of the page
Score
0/33
Timer
05:00
0
Plays Today
Highest Achievement
Country
% Correct
Manned Lunar Exploration
USA
99%
Operates Extraterrestrial Probes
UK
96.8%
Operates Extraterrestrial Probes
France
96.6%
Operates Space Station
China
96.3%
Operates Space Station
Russia
95.6%
Operates Extraterrestrial Probes
Japan
94.1%
Operates Extraterrestrial Probes
Spain
92.9%
Operates Extraterrestrial Probes
India
92.6%
Operates Extraterrestrial Probes
Germany
92.1%
Operates Extraterrestrial Probes
Italy
92.1%
Operates Extraterrestrial Probes
Norway
88.2%
Operates Extraterrestrial Probes
Sweden
87.5%
Operates Extraterrestrial Probes
Finland
85.7%
Launch Capability
Iran
83.8%
Operates Extraterrestrial Probes
Austria
83.5%
Operates Extraterrestrial Probes
Switzerland
83.5%
Operates Extraterrestrial Probes
Portugal
83%
Highest Achievement
Country
% Correct
Operates Extraterrestrial Probes
Belgium
82.8%
Operates Extraterrestrial Probes
Netherlands
82.6%
Operates Extraterrestrial Probes
Denmark
80.1%
Operates Extraterrestrial Probes
Greece
78.4%
Launch Capability
Pakistan
77.4%
Launch Capability
Turkey
74.7%
Operates Extraterrestrial Probes
Ireland
74%
Launch Capability
Ukraine
73%
Operates Extraterrestrial Probes
Israel
72.5%
Launch Capability
Indonesia
66.8%
Operates Extraterrestrial Probes
Czech Republic
63.6%
Operates Extraterrestrial Probes
Luxembourg
61.2%
Launch Capability
Thailand
59%
Launch Capability
Bangladesh
35.9%
Launch Capability
Mongolia
30%
Launch Capability
Peru
24.1%
Quiz Playlist
Details
Report
Send in Message
Add To Playlist
Classic:
Type in answers that appear in a list
Random Order:
Randomize order of answers
Last Updated: Feb 16, 2017
Quiz Scoreboard
CHALLENGE
Sign Up to Join the Scoreboard
Show All
Scores
Hide
Comments
May contain spoilers
Recently Published
1-10 Letter E Words III
by El_Dandy
Language
2m
One Thing in Common: World Cities II
by knightlancer
Geography
7m
Popular People in 1961
by mucciniale
History
6m
More to Explore
Quiz From the Vault
Featured Blog Post
Where Did the Easter Bunny Come From?
hide this ad
You Might Also Like...
Tags
Country Quiz
Capable
flight
space
spaceship
Space Shuttle
Today's Top Quizzes in Geography
Browse Geography
hide this ad
Today's Top Quizzes in Country
Browse Country
Top Contributed Quizzes in Geography
1
Countries of the World - No Outlines Minefield
2
Top 25 Cities of France on a map
3
African Flag Reveal XLV
4
Closest Countries to UK A-Z
5
Blind Secret Country CLXXXVIII
6
Find the US States - No Outlines
7
One Thing in Common: Asia
8
One Thing in Common: United Kingdom
9
One Thing in Common: Geography
10
One Thing in Common: Around the World
Explore More
Trending Topics
Disney
Kpop
Marvel
Anime
NBA
Crossword
Harry Potter
Pokémon
Soccer
The Office
WWE
Puzzle
NFL
Country
Song
hide this ad
More By:
carlg37
Quiz
Plays
Rating
Category
Featured
Created
Countries in Space
407
4.60
Geography
Jan 11, 2012
Go to Creator's Profile
Score Distribution
Quiz Creator Spotlight
carlg37
Follow
Send a Message
Quizzes Created
-
Created Quiz Play Count
-
More By This Creator
Popular Quizzes Today
1
Find the US States - No Outlines Minefield
2
The Countries of the World
3
Find the Countries of Europe - No Outlines Minefield
4
Popular People in 1961
5
1-10 Letter E Words III
6
Find the US States
7
One Thing in Common: World Cities II
8
US States
More Geography Quizzes
Which Country: African Landmarks V
Editor's Pick
Trending Quizzes
Risky Map Clicking: Least Populous States A-Z
1-10 Letter F Words
1-10 Letter G Words
One Thing in Common: United Kingdom
Risky Map Clicking: Next State Alphabetically
Recently Updated
Leaping Animals
pecheneg
Reality TV Shows (A-Z)
bhenderson79
Rickey Henderson's Hall of Fame Teammates
pecheneg
Champions League XIs: Arsenal
pecheneg
Quick Pick: Celebrities in WWE's Hall of Fame
aduchscher
A-Z Keypad Blitz II
pecheneg
Multiple Oscar Actors
pecheneg
Mystery Phrase Blitz: Oscar 'Best Actors'
pecheneg
F. Scott Fitzgerald Novels
LTH
Pick 3 Villains
ddd62291
Trending Topics
Kpop
Disney
Crossword
Harry Potter
Marvel
NBA
Anime
Country
Pokémon
Puzzle
WWE
The Office
Soccer
Song
NFL
Your Account Isn't Verified!
In order to create a playlist on Sporcle, you need to verify the email address you used during registration. Go to your
Sporcle Settings
to finish the process.
Report this User
Report this user for behavior that violates our
Community Guidelines
.
Details:
Send Report
Go to the Sporcle.com Mobile Site →
Comments